Family Planning Communications Studies in India (Record no. 1451591)

MARC details
000 -LEADER
fixed length control field 00624nam a2200193Ia 4500
005 - DATE AND TIME OF LATEST TRANSACTION
control field 20250923145446.0
008 - FIXED-LENGTH DATA ELEMENTS--GENERAL INFORMATION
fixed length control field 008 250917s9999 xx 000 0 eng d
037 ## - SOURCE OF ACQUISITION
Stock number Textual
040 ## - CATALOGING SOURCE
Original cataloging agency DSWL
Language of cataloging eng
Transcribing agency DSWL
041 ## - LANGUAGE CODE
Language code of text/sound track or separate title eng
Source of code eng
084 ## - COLON CLASSIFICATION NUMBER
Classification number YX,A;5-P0aY:393.2, N69;1
Assigning agency DSWL
100 ## - MAIN ENTRY--PERSONAL NAME
Personal name Dubey, D.C.
9 (RLIN) 835533
245 #0 - TITLE STATEMENT
Title Family Planning Communications Studies in India
Statement of responsibility, etc. by D.C.Dubey
260 ## - PUBLICATION, DISTRIBUTION, ETC.
Place of publication, distribution, etc. New Delhi
Name of publisher, distributor, etc. Delhi Central Family Planning Institute
Date of publication, distribution, etc. 1969
300 ## - PHYSICAL DESCRIPTION
Extent 96 p.
700 ## - ADDED ENTRY--PERSONAL NAME
Personal name A.K. Devgan
9 (RLIN) 835534
942 ## - ADDED ENTRY ELEMENTS (KOHA)
Koha item type Textual
Classification part YX,A;5-P0aY:393.2, N69;1
Holdings
Withdrawn status Lost status Damaged status Not for loan Home library Current library Date acquired Source of acquisition Total Checkouts Full call number Barcode Date last seen Price effective from Koha item type
        Department of Social Work Library Department of Social Work Library 2025-09-23 Through : The Publisher   YX,A;5-P0aY:393.2, N69;1 SW0018992 2025-09-23 2025-09-23 Textual
Copyright @ Delhi University Library System